[Event "Match"]
[Site "www.echecsemail.com"]
[Date "2016.08.06"]
[Round "1"]
[White "Drawlward"]
[Black "Chapi"]
[WhiteElo "1809"]
[BlackElo "2150"]
[Result "1-0"]
[Round "1"]
1.e4 c5
2.Ng1f3 Nb8c6
3.d4 cxd4
4.Nf3xd4 g6
5.c4 Bf8g7
6.Bc1e3 Ng8f6
7.Nb1c3 O-O
8.Bf1e2 d6
9.O-O Nf6g4
10.Be2xg4 Bc8xg4
11.Nd4xc6 Bg4xd1
12.Nc6xd8 Rf8xd8
13.Rf1xd1 a6
14.Ra1c1 Ra8c8
15.Nc3d5 Rd8e8
16.Be3d4 Bg7xd4
17.Rd1xd4 b5
18.b3 f5
19.exf5 gxf5
20.Rc1e1 Kf7
21.Rd4h4 bxc4
22.Rh4xh7 Kf8
23.bxc4 Rc8xc4
24.Rh7h8 Kf7
25.Rh8xe8 Kxe8
26.Nd5xe7 Kd7
27.Ne7xf5 Kc6
28.h4 d5
29.h5 Rc4f4
30.Nf5g3 Kc5
31.h6 Rf4h4
32.Ng3f5 Rh4h5
33.g4 { resign }
1-0

[Event "Match"]
[Site "www.echecsemail.com"]
[Date "2016.08.06"]
[Round "1"]
[White "Darknight"]
[Black "Caspito"]
[WhiteElo "1690"]
[BlackElo "1860"]
[Result "1-0"]
[Round "1"]
1.e4 e5
2.Ng1f3 Nb8c6
3.c3 Ng8f6
4.d3 d5
5.exd5 Nf6xd5
6.h3 Bf8d6
7.d4 e4
8.Nf3g5 Bc8e6
9.Ng5xe4 Qd8h4
10.Bf1d3 O-O
11.Bc1g5 Nd5e3
12.Qd1e2 Ne3xg2
13.Kd2 Bd6f4
14.Bg5xf4 Qh4xf4
15.Kc2 Ra8d8
16.Nb1d2 Qf4h6
17.f3 Be6f5
18.Qe2xg2 Rf8e8
19.a3 Bf5g6
20.Ra1g1 Qh6h5
21.h4 Rd8d5
22.Bd3c4 Rd5f5
23.Kb3 Nc6a5
24.Ka2 Na5xc4
25.Nd2xc4 Rf5xf3
26.Ne4d2 Rf3f6
27.Nc4e5 b5
28.Nd2e4 Bg6xe4
29.Qg2xg7 
1-0

[Event "Match"]
[Site "www.echecsemail.com"]
[Date "2016.08.06"]
[Round "1"]
[White "Ledzepp"]
[Black "Janerol"]
[WhiteElo "1390"]
[BlackElo "999"]
[Result "1-0"]
[Round "1"]
1.e4 e5
2.d4 f6
3.d5 d6
4.Bf1b5 Bc8d7
5.Nb1c3 a6
6.Bb5e2 c6
7.Be2h5 g6
8.Bh5f3 cxd5
9.Nc3xd5 Bd7e6
10.Nd5b4 a5
11.Nb4d3 Nb8c6
12.Bf3g4 Be6c4
13.Ng1e2 Bc4xd3
14.Qd1xd3 h5
15.Bg4e6 Nc6b4
16.Qd3b5 Nb4c6
17.Qb5xb7 Ng8e7
18.Qb7b3 a4
19.Be6f7 Kd7
20.Qb3b7 Qd8c7
21.Bf7e6 Kxe6
22.Qb7xc7 Bf8g7
23.f4 Rh8c8
24.Qc7b6 Nc6a5
25.fxe5 Na5c4
26.Ne2f4 Kf7
27.e6 Kf8
28.Qb6b7 Nc4a5
29.Nf4xg6 Ne7xg6
30.Qb7f7 
1-0

[Event "Match"]
[Site "www.echecsemail.com"]
[Date "2016.08.06"]
[Round "1"]
[White "Silent1"]
[Black "Gambitmiau"]
[WhiteElo "1850"]
[BlackElo "1820"]
[Result "1-0"]
[Round "1"]
1.d4 d5
2.c4 dxc4
3.e3 e5
4.d5 Ng8f6
5.Bf1xc4 Bf8d6
6.Ng1f3 Bc8g4
7.h3 Bg4f5
8.O-O O-O
9.Nb1c3 h6
10.Rf1e1 Qd8d7
11.a3 Bf5xh3
12.g3 Bh3g4
13.Bc4e2 e4
14.Nf3h2 Bg4h3
15.Qd1c2 Nf6g4
16.Qc2xe4 f5
17.Qe4e6 Qd7xe6
18.dxe6 Nb8c6
19.Nh2xg4 fxg4
20.Be2c4 Kh8
21.Nc3b5 Nc6e5
22.Nb5xd6 cxd6
23.Bc4d5 Ra8b8
24.Bc1d2 h5
25.Re1c1 Ne5d3
26.Rc1c2 Rf8xf2
27.e7 Nd3e5
28.Kxf2 Rb8e8
29.Bd2b4 Ne5d3
30.Ke2 Nd3xb4
31.axb4 Re8xe7
32.Rc2c8 Kh7
33.Ra1xa7 Re7e5
34.Bd5g8 Kg6
35.Ra7xb7 Bh3g2
36.Rb7b6 Bg2f3
37.Kf2 { resign }
1-0

[Event "1/128 Finale"]
[Site "www.chess-mail.com"]
[Date "2016.08.06"]
[Round "1"]
[White "Drawlward"]
[Black "Bevittsmith"]
[WhiteElo "1809"]
[BlackElo "2270"]
[Result "1-0"]
[Round "1"]
1.e4 e6
2.d4 d5
3.Nb1c3 Bf8b4
4.e5 c5
5.a3 Bb4xc3
6.bxc3 Ng8e7
7.Qd1g4 Qd8c7
8.Qg4xg7 Rh8g8
9.Qg7xh7 cxd4
10.Ng1e2 Nb8c6
11.f4 Bc8d7
12.Qh7d3 dxc3
13.Ne2xc3 a6
14.Nc3e2 Nc6a5
15.Ne2d4 Ne7c6
16.Qd3c3 Ra8c8
17.Nd4f3 Na5c4
18.g3 Nc6a5
19.Bf1d3 Qc7b6
20.Qc3d4 Qb6d8
21.O-O Na5c6
22.Qd4f2 b5
23.Bd3xc4 dxc4
24.Bc1e3 Qd8c7
25.Nf3g5 Nc6e7
26.Ng5e4 Ne7f5
27.Ra1d1 Bd7c6
28.Ne4f6 { resign }
1-0

[Event "Tourn. n8872"]
[Site "www.chess-mail.com"]
[Date "2016.08.07"]
[Round "1"]
[White "Osopanda"]
[Black "Biggles"]
[WhiteElo "2010"]
[BlackElo "2080"]
[Result "0-1"]
[Round "1"]
1.c4 e5
2.Nb1c3 Ng8f6
3.e4 b6
4.d3 Bc8b7
5.Ng1e2 Bf8e7
6.g3 O-O
7.Bf1g2 d6
8.O-O Nb8d7
9.h3 c6
10.Kh2 Nd7c5
11.f4 Rf8e8
12.Bc1e3 Nc5e6
13.fxe5 dxe5
14.b3 Ne6d4
15.a3 c5
16.Nc3d5 Bb7xd5
17.cxd5 Be7d6
18.Be3xd4 exd4
19.Ne2f4 Qd8c7
20.e5 Re8xe5
21.Qd1d2 Ra8e8
22.b4 Re5e3
23.Ra1e1 Bd6xf4
24.Rf1xf4 Re3xe1
25.d6 Qc7xd6
26.bxc5 bxc5
27.Bg2e4 Re1e3
28.Qd2f2 Nf6xe4
29.dxe4 Re8xe4
30.Rf4xe4 Re3xe4
31.Qf2b2 Re4e3
32.Qb2f2 Qd6e5
33.a4 Re3e2
{ resign }
0-1

[Event "Tourn. n8895"]
[Site "www.chess-mail.com"]
[Date "2016.08.07"]
[Round "1"]
[White "Cal"]
[Black "Attatroll"]
[WhiteElo "1710"]
[BlackElo "1890"]
[Result "0-1"]
[Round "1"]
1.d4 f5
2.Ng1f3 g6
3.Nb1c3 Bf8g7
4.Bc1g5 Ng8f6
5.h3 O-O
6.e3 d6
7.Bf1d3 c6
8.a3 Nb8d7
9.O-O e5
10.d5 e4
11.Bd3xe4 fxe4
12.Nc3xe4 Qd8b6
13.Ne4xd6 cxd5
14.Bg5xf6 Bg7xf6
15.Nd6xc8 Ra8xc8
16.Ra1b1 Bf6xb2
17.Qd1xd5 Kg7
18.Nf3g5 Nd7c5
19.Ng5e6 Nc5xe6
20.Qd5d7 Kg8
21.Rf1d1 Rf8d8
22.Qd7e7 Rd8xd1
23.Rb1xd1 Bb2e5
24.Rd1d7 Qb6b1
{ resign }
0-1

[Event "Tourn. n8890"]
[Site "www.chess-mail.com"]
[Date "2016.08.07"]
[Round "1"]
[White "Jhzes"]
[Black "Sportuga"]
[WhiteElo "1950"]
[BlackElo "2029"]
[Result "0-1"]
[Round "1"]
1.e4 c5
2.Bf1c4 a6
3.Qd1f3 e6
4.c3 Nb8c6
5.Ng1e2 Nc6e5
6.Qf3f4 Ne5xc4
7.b3 Nc4b6
8.O-O d5
9.exd5 Nb6xd5
10.Qf4e5 Ng8f6
11.f3 Bf8d6
12.Qe5g5 O-O
13.Bc1b2 h6
14.Qg5h4 Nd5e7
15.Ne2f4 Qd8c7
16.g3 Bd6xf4
17.gxf4 Ne7g6
18.Qh4e1 Ng6xf4
19.Qe1e3 Rf8d8
20.d4 cxd4
21.cxd4 Rd8d5
22.Rf1c1 Rd5g5
23.Kf1 Qc7d6
24.Bb2a3 Qd6b8
25.Rc1xc8 Qb8xc8
26.Qe3xf4 Qc8c2
27.Nb1d2 Nf6d5
28.Qf4e4 Qc2xd2
29.Ba3c1 Qd2g2
30.Ke1 Qg2g1
31.Kd2 Rg5g2
{ resign }
0-1

[Event "Tourn. n8808"]
[Site "www.chess-mail.com"]
[Date "2016.08.07"]
[Round "1"]
[White "Guzenko"]
[Black "Umutkrc"]
[WhiteElo "1840"]
[BlackElo "1800"]
[Result "1-0"]
[Round "1"]
1.e4 e6
2.Nb1c3 Bf8b4
3.a3 Bb4xc3
4.bxc3 a6
5.d4 d5
6.Bf1d3 c6
7.e5 b5
8.Qd1g4 g6
9.Bc1g5 Qd8a5
10.Ng1e2 h5
11.Qg4f4 Nb8d7
12.Qf4h4 c5
13.dxc5 Nd7xc5
14.Bg5d2 Nc5xd3
15.cxd3 Ng8e7
16.Qh4f6 Rh8h7
17.O-O Ne7g8
18.Qf6g5 Qa5d8
19.Qg5e3 f6
20.exf6 Qd8xf6
21.Qe3b6 e5
22.Qb6xf6 Ng8xf6
23.Bd2g5 Kf7
24.Bg5xf6 Kxf6
25.h3 g5
26.f3 Bc8f5
27.Ra1d1 g4
28.fxg4 hxg4
29.hxg4 Ra8h8
30.Ne2g3 Kg5
31.gxf5 Kg4
32.Rf1f3 Rh7h3
33.Kf2 Rh3h6
34.f6 Rh8f8
35.f7 Rh6h7
36.Ng3f5 Kg5
37.Nf5e7 Rh7xf7
38.Ne7xd5 Rf7xf3
39.gxf3 Rf8c8
40.Rd1c1 Rc8d8
41.c4 bxc4
42.dxc4 Rd8f8
43.Ke3 Kf5
44.c5 Ke6
45.Nd5b6 Rf8b8
46.Rc1h1 a5
47.Ke4 Rb8e8
48.Rh1h6 { resign }
1-0

[Event "Tourn. n8891"]
[Site "www.chess-mail.com"]
[Date "2016.08.07"]
[Round "1"]
[White "Al3x"]
[Black "Janerol"]
[WhiteElo "1499"]
[BlackElo "1529"]
[Result "1-0"]
[Round "1"]
1.e4 e5
2.Ng1f3 d6
3.Bf1c4 a6
4.Nb1c3 Bc8g4
5.Nf3xe5 dxe5
6.Qd1xg4 Ng8f6
7.Qg4e2 Nb8c6
8.d3 Bf8b4
9.Bc1d2 Bb4xc3
10.Bd2xc3 b5
11.Bc4b3 b4
12.Bc3d2 Nc6d4
13.Qe2d1 h5
14.c3 Nd4b5
15.Qd1c2 Qd8d7
16.Bb3a4 Ra8d8
17.c4 Qd7d4
18.cxb5 Qd4xd3
19.Qc2xd3 Rd8xd3
20.bxa6 Kd8
21.a7 Nf6xe4
22.a8Q Ke7
23.Qa8xe4 Rh8d8
24.Qe4xe5 Kf8
25.Bd2xb4 Kg8
26.O-O Rd8d4
27.Qe5e8 Kh7
28.Ba4c2 Rd4d8
29.Qe8xd8 { resign }
1-0

[Event "Tourn. n8854"]
[Site "www.chess-mail.com"]
[Date "2016.08.07"]
[Round "1"]
[White "B0zata"]
[Black "Julian"]
[WhiteElo "2260"]
[BlackElo "2060"]
[Result "1-0"]
[Round "1"]
1.d4 d5
2.Ng1f3 e6
3.Bc1f4 Bf8d6
4.Bf4xd6 Qd8xd6
5.a3 Nb8d7
6.Nb1c3 c6
7.g3 Ng8f6
8.Bf1g2 O-O
9.O-O e5
10.dxe5 Nd7xe5
11.Nf3xe5 Qd6xe5
12.e3 Bc8g4
13.Bg2f3 Bg4xf3
14.Qd1xf3 Nf6e4
15.Qf3f4 Qe5xf4
16.exf4 Ne4xc3
17.bxc3 Rf8e8
18.Rf1e1 Kf8
19.Re1e3 Re8e6
20.Ra1e1 Ra8e8
21.Kg2 Ke7
22.Re3xe6 fxe6
23.f5 Kf6
24.fxe6 Re8xe6
25.Re1xe6 Kxe6
26.Kf3 Kf5
27.h3 h5
28.Ke3 g5
29.f3 g4
30.hxg4 hxg4
31.f4 a5
32.Kd4 b6
33.c4 dxc4
34.Kxc4 Ke4
35.a4 Kf5
36.Kb3 Ke4
37.c3 b5
38.c4 Kd4
39.cxb5 cxb5
40.axb5 Kc5
41.Ka4 Kb6
42.f5 { resign }
1-0

[Event "Match"]
[Site "www.echecsemail.com"]
[Date "2016.08.07"]
[Round "1"]
[White "Cal"]
[Black "Jhzes"]
[WhiteElo "1620"]
[BlackElo "1840"]
[Result "0-1"]
[Round "1"]
1.c4 g6
2.d4 e6
3.e4 c5
4.d5 exd5
5.cxd5 Bf8g7
6.Nb1d2 Qd8b6
7.a3 Bg7xb2
8.Bc1xb2 Qb6xb2
9.Ng1e2 d6
10.Ne2f4 Qb2e5
11.g3 h5
12.Bf1c4 Bc8g4
13.Qd1a4 Nb8d7
14.f3 Qe5xa1
15.Qa4d1 Qa1xd1
16.Kxd1 Bg4xf3
17.Nd2xf3 Ng8e7
18.Rh1e1 g5
19.Nf4h3 g4
20.Nh3g5 gxf3
21.Ng5xf3 Ne7g6
22.h4 a6
23.Nf3g5 Ng6e5
24.a4 Ne5xc4
25.Re1e2 Nd7e5
26.Re2f2 Rh8h6
27.Kc2 Nc4e3
28.Kc3 b5
29.a5 b4
30.Kd2 Ne3g4
31.Rf2e2 Ne5c4
32.Kc2 Nc4a3
33.Kb3 Ra8b8
34.Ng5h3 c4
35.Ka4 c3
36.Nh3f4 c2
37.Nf4d3 Rb8c8
38.Kxb4 Na3b5
39.Nd3c1 Rh6f6
40.Re2d2 Rf6f1
41.Nc1d3 Rc8c3
{ resign }
0-1

[Event "Match"]
[Site "www.echecsemail.com"]
[Date "2016.08.07"]
[Round "1"]
[White "Billyg"]
[Black "Jhzes"]
[WhiteElo "1580"]
[BlackElo "1810"]
[Result "0-1"]
[Round "1"]
1.e4 c5
2.d4 e6
3.e5 cxd4
4.Qd1xd4 Nb8c6
5.Qd4e3 Qd8a5
6.Bc1d2 Bf8b4
7.c3 Bb4c5
8.b4 Bc5xe3
9.bxa5 Be3xd2
10.Nb1xd2 Nc6xe5
11.O-O-O Ne5g4
12.Ng1h3 f5
13.Bf1e2 Ng4e5
14.Be2h5 g6
15.Bh5e2 Ng8e7
16.Nd2c4 Ne5xc4
17.Be2xc4 Ne7c6
18.Rh1e1 Nc6xa5
19.Bc4d3 O-O
20.Bd3b5 Rf8d8
21.Re1e5 d6
22.Re5e2 a6
23.Bb5a4 b5
24.Ba4b3 Na5xb3
25.Kb2 Nb3c5
26.Nh3g5 e5
27.Rd1d5 Bc8b7
28.Rd5d2 Bb7xg2
29.f3 Bg2f1
30.Re2e3 f4
31.Re3e1 Bf1c4
32.Ng5e4 Nc5d3
33.Rd2xd3 Bc4xd3
34.Ne4f6 Kg7
35.Nf6d5 a5
36.Nd5c7 a4
37.Nc7xa8 Rd8xa8
38.Re1d1 Bd3e2
39.Rd1xd6 Be2xf3
40.Rd6d7 Kh6
41.Rd7d3 Bf3e4
42.Rd3d4 exd4
43.cxd4 f3
{ resign }
0-1

[Event "Match"]
[Site "www.echecsemail.com"]
[Date "2016.08.07"]
[Round "1"]
[White "Irene"]
[Black "Ztornad"]
[WhiteElo "2080"]
[BlackElo "1730"]
[Result "0-1"]
[Round "1"]
1.d4 d5
2.Nb1c3 e6
3.Ng1f3 h6
4.e4 dxe4
5.Nc3xe4 Ng8f6
6.Bf1d3 Qd8d5
7.Ne4xf6 gxf6
8.b3 c6
9.Bd3c4 Qd5e4
10.Qd1e2 Qe4xe2
11.Kxe2 Bf8b4
12.Bc1d2 Bb4xd2
13.Kxd2 O-O
14.Rh1e1 b5
15.Bc4d3 f5
16.Re1e3 Nb8d7
17.Nf3e5 Nd7xe5
18.Re3xe5 a6
19.Re5e3 Rf8d8
20.c3 Ra8a7
21.b4 Ra7d7
22.a3 Bc8b7
23.Ra1e1 Kh8
24.g3 Rd8a8
25.Kc2 a5
26.Kb2 a4
27.Re3e5 Ra8e8
28.Bd3xf5 Rd7e7
29.Bf5d3 Bb7c8
30.Re1e4 f5
31.Re4e1 Bc8b7
32.Bd3b1 Kg7
33.Bb1xf5 Bb7c8
34.Bf5e4 Bc8d7
35.Be4f3 Re8f8
36.Re5e3 Rf8f6
37.Re1e2 Kf8
38.Bf3h5 Kg7
39.Re3e4 Kf8
40.Re4e3 Kg7
41.Re3f3 Rf6xf3
42.Bh5xf3 Kf6
43.Re2e5 Re7h7
44.Re5e4 Ke7
45.Kc2 Bd7c8
46.Re4g4 Bc8d7
47.Kd3 e5
48.Rg4e4 Bd7f5
49.dxe5 Ke6
50.Kd4 Bf5xe4
51.Bf3xe4 Rh7d7
52.Kc5 Rd7d2
53.f4 Rd2xh2
54.g4 Rh2h3
55.Be4f5 Ke7
56.Kxc6 Rh3xc3
57.Kxb5 Rc3xa3
58.Bf5c2 Ra3f3
59.Bc2xa4 Rf3xf4
60.Ba4d1 Rf4e4
61.Ka6 Re4xb4
62.Bd1c2 Rb4xg4
63.Bc2b3 Rg4e4
64.e6 h5
65.Kb5 Re4xe6
66.Bb3d5 Re6e5
67.Kc4 Kf6
68.Kd4 Re5xd5
69.Kxd5 Kg5
70.Ke4 Kg4
71.Ke3 Kg3
72.Ke2 Kg2
73.Ke3 h4
74.Kf4 h3
75.Kg4 h2
76.Kf4 h1Q
{ resign }
0-1

[Event "Match"]
[Site "www.echecsemail.com"]
[Date "2016.08.07"]
[Round "1"]
[White "Drawlward"]
[Black "Hundegana"]
[WhiteElo "1809"]
[BlackElo "2090"]
[Result "1-0"]
[Round "1"]
1.e4 c5
2.Ng1f3 e6
3.d4 Nb8c6
4.d5 exd5
5.exd5 Nc6b8
6.d6 Nb8c6
7.Qd1e2 Nc6e7
8.Nb1c3 Qd8b6
9.dxe7 Bf8xe7
10.Qe2b5 Qb6xb5
11.Nc3xb5 Kd8
12.Nf3e5 Ng8h6
13.Bc1xh6 gxh6
14.Ne5xf7 Ke8
15.Nf7xh8 Kf8
16.Bf1c4 a6
17.Nb5c7 Ra8a7
18.Nc7d5 Be7g5
19.Nd5b6 Kg7
20.Nh8f7 d5
21.Nb6xc8 dxc4
22.Nf7xg5 hxg5
23.Nc8xa7 Kf7
24.O-O-O { resign }
1-0

[Event "Match"]
[Site "www.echecsemail.com"]
[Date "2016.08.07"]
[Round "1"]
[White "Ztornad"]
[Black "Mdesouza"]
[WhiteElo "1750"]
[BlackElo "2300"]
[Result "0-1"]
[Round "1"]
1.Nb1c3 Ng8f6
2.e4 e5
3.g4 d5
4.Bf1g2 Bc8xg4
5.f3 Bg4h5
6.Ng1e2 Bf8c5
7.d4 exd4
8.Nc3xd5 Nf6xd5
9.exd5 Qd8xd5
10.Qd1d3 g5
11.Qd3b5 Nb8d7
12.Qb5b3 Qd5xb3
13.axb3 h6
14.Ne2g3 Bh5g6
15.Ng3e4 Bc5b6
16.O-O d3
17.Kh1 dxc2
18.Rf1e1 O-O-O
19.Re1e2 f5
20.Ne4d2 Rh8e8
21.Bg2f1 Nd7c5
22.Re2xe8 Rd8xe8
23.Nd2c4 Re8e1
24.Kg2 Nc5xb3
25.Nc4xb6 axb6
26.Ra1a8 Kd7
27.Bf1b5 c6
28.Bb5c4 Nb3xc1
29.Ra8g8 Nc1e2
30.Rg8xg6 Ne2f4
31.Kf2 Nf4xg6
32.Kxe1 c1Q
33.Kf2 Qc1xc4
34.Kg3 Qc4e2
35.b4 Ng6h4
36.h3 Qe2g2
 { time }
0-1

[Event "Match"]
[Site "www.echecsemail.com"]
[Date "2016.08.07"]
[Round "1"]
[White "Chapi"]
[Black "Karpov35"]
[WhiteElo "2170"]
[BlackElo "1809"]
[Result "0-1"]
[Round "1"]
1.d4 Ng8f6
2.c4 e6
3.Nb1c3 Bf8b4
4.Bc1d2 c5
5.Ng1f3 cxd4
6.Nf3xd4 Nb8c6
7.Nd4xc6 bxc6
8.a3 Bb4e7
9.g3 O-O
10.Bf1g2 d5
11.O-O Ra8b8
12.b4 a5
13.Ra1b1 axb4
14.axb4 Kh8
15.cxd5 cxd5
16.Nc3a4 Bc8d7
17.Rb1b2 Qd8e8
18.Na4c3 Be7xb4
19.Qd1c2 Bb4d6
20.Rf1b1 Qe8e7
21.Nc3b5 Bd7xb5
22.Rb2xb5 Rb8xb5
23.Rb1xb5 Rf8b8
24.Rb5xb8 Bd6xb8
25.Bd2g5 Qe7c7
26.Qc2b2 Qc7e5
27.Qb2a3 Qe5xg5
28.Qa3f8 Nf6g8
29.Qf8xb8 g6
30.Qb8f8 Qg5f6
31.Qf8b8 Kg7
32.e3 Qf6a1
33.Bg2f1 Ng8f6
34.Kg2 Nf6e4
35.Qb8f4 Qa1f6
36.Qf4xf6 Kxf6
37.Bf1e2 e5
38.f3 Ne4d6
39.Be2d1 h5
40.h4 Nd6f5
41.Kf2 Ke6
42.Bd1b3 Kd6
43.e4 Nf5e7
44.Ke3 f6
45.f4 d4
46.Kd3 f5
47.Bb3f7 fxe4
48.Kxe4 exf4
49.gxf4 Kc5
50.Kd3 Ne7d5
51.Ke4 Nd5f6
52.Kf3 Kb4
53.Bf7xg6 Kc3
54.Ke2 Nf6d5
55.Kf3 d3
56.Bg6xd3 Kxd3
57.f5 Kd4
58.f6 Nd5xf6
59.Kf4 Kd5
60.Kf5 Nf6e4
61.Kg6 Ne4g3
62.Kh6 Ke4
63.Kg5 Kf3
{ resign }
0-1

[Event "Match"]
[Site "www.echecsemail.com"]
[Date "2016.08.07"]
[Round "1"]
[White "Jhzes"]
[Black "Umutkrc"]
[WhiteElo "1930"]
[BlackElo "1860"]
[Result "1/2-1/2"]
[Round "1"]
1.Ng1f3 d6
2.e4 e5
3.Bf1c4 Ng8f6
4.Nf3g5 d5
5.exd5 Nf6xd5
6.d4 Nb8c6
7.Qd1f3 Bc8e6
8.Nb1c3 Nc6xd4
9.Qf3e4 c6
10.Qe4xe5 Nd4xc2
11.Ke2 Nc2xa1
12.Nc3xd5 cxd5
13.Bc4b5 Ke7
14.Ng5xe6 Qd8d6
15.Qe5xd6 Kxd6
16.Ne6xf8 Rh8xf8
17.Bc1f4 Kc5
18.Bb5a4 b5
19.Ba4d1 Rf8e8
20.Kf3 Ra8c8
21.Bd1e2 Na1c2
22.Be2d3 Nc2d4
23.Kg3 Kc6
24.Rh1c1 Kd7
25.Rc1xc8 Kxc8
26.Bf4e3 Nd4c6
27.Bd3xb5 Kb7
28.Bb5a4 d4
29.Be3xd4 Re8e4
30.Ba4xc6 Kxc6
31.Bd4xg7 h5
32.Bg7f6 a5
33.f3 h4
34.Bf6xh4 Re4e6
35.b3 Re6e2
36.a4 Re2e3
37.Bh4d8 Re3xb3
38.Bd8xa5 Rb3a3
39.h4 Ra3xa4
40.Ba5d8 Kd7
41.Bd8g5 Ke6
42.f4 f6
43.Bg5h6 Kf5
44.h5 Ra4a3
45.Kh4 Ke6
46.g4 Kf7
47.g5 Ra3a4
48.g6 Kg8
49.Kg4 Ra4e4
50.Kf3 Re4d4
51.Ke3 Rd4d5
52.Bh6f8 Rd5xh5
53.Bf8e7 Kg7
54.Ke4 Kxg6
55.Kf3 Kf5
56.Be7xf6 { draw }
1/2-1/2

[Event "Match"]
[Site "www.echecsemail.com"]
[Date "2016.08.07"]
[Round "1"]
[White "Didpa"]
[Black "Yorli"]
[WhiteElo "1430"]
[BlackElo "1499"]
[Result "0-1"]
[Round "1"]
1.e4 e5
2.Ng1f3 Ng8f6
3.d3 Bf8d6
4.Bc1g5 Nb8c6
5.c3 a6
6.Bf1e2 b5
7.O-O O-O
8.d4 Rf8e8
9.d5 Nc6a7
10.a3 h6
11.Bg5h4 c6
12.b4 Bd6e7
13.d6 Be7f8
14.h3 Re8e6
15.a4 a5
16.Nb1d2 bxa4
17.Nd2c4 Na7b5
18.Qd1xa4 Nb5xc3
19.Qa4c2 Bc8a6
20.Qc2xc3 Qd8b8
21.Rf1b1 Nf6xe4
22.Qc3e1 Ne4xd6
23.Nc4xe5 Ba6c8
24.bxa5 Qb8c7
25.Bh4g3 f6
 { time }
0-1

[Event "Match"]
[Site "www.echecsemail.com"]
[Date "2016.08.07"]
[Round "1"]
[White "Pare123"]
[Black "Jhzes"]
[WhiteElo "1960"]
[BlackElo "1870"]
[Result "1-0"]
[Round "1"]
1.c4 e5
2.Nb1c3 Bf8c5
3.e3 Ng8f6
4.d3 c6
5.Ng1f3 d6
6.a3 Bc8e6
7.Bf1e2 Nb8d7
8.O-O h6
9.h3 Qd8e7
10.b4 Bc5b6
11.Bc1b2 c5
12.b5 O-O-O
13.a4 a5
14.bxa6 bxa6
15.Qd1b3 Bb6a7
16.a5 Nd7b8
17.Nc3a4 Qe7b7
18.Qb3a3 Nb8c6
19.Bb2c3 Kd7
20.Rf1b1 Qb7c7
21.Rb1b3 Rd8b8
22.Ra1b1 Rb8xb3
23.Rb1xb3 Nc6xa5
24.Bc3xa5 Qc7xa5
25.Rb3b7 Kc6
26.Rb7xa7 Rh8b8
27.Qa3a2 Rb8b4
28.Be2d1 e4
29.Nf3d2 exd3
30.Nd2b3 Rb4xb3
31.Qa2xb3 Be6c8
32.Bd1f3 d5
33.cxd5 Kd6
34.Qb3b8 { resign }
1-0

[Event "Match"]
[Site "www.echecsemail.com"]
[Date "2016.08.07"]
[Round "1"]
[White "Cal"]
[Black "Janerol"]
[WhiteElo "1750"]
[BlackElo "999"]
[Result "0-1"]
[Round "1"]
1.c4 c5
2.Nb1c3 g6
3.e4 e5
4.Nc3d5 Nb8c6
5.a3 a6
6.Ng1f3 d6
7.d3 Bc8e6
8.h3 Be6xd5
9.cxd5 Nc6d4
10.Bc1e3 Nd4xf3
11.Qd1xf3 Qd8d7
12.Bf1e2 h5
13.O-O O-O-O
14.b4 b5
15.bxc5 dxc5
16.Qf3f6 Ng8xf6
17.Be3g5 Bf8e7
18.Ra1c1 Nf6g8
19.Bg5xe7 Qd7xe7
20.f4 Ng8f6
21.fxe5 Qe7xe5
22.Rc1xc5 Kb7
23.Be2f3 Qe5d4
{ resign }
0-1

[Event "Match"]
[Site "www.echecsemail.com"]
[Date "2016.08.07"]
[Round "1"]
[White "Steel"]
[Black "Gimmyg"]
[WhiteElo "1809"]
[BlackElo "2520"]
[Result "1-0"]
[Round "1"]
1.e4 Nb8c6
2.Ng1f3 f5
3.exf5 d5
4.Bf1b5 Bc8xf5
5.Nf3e5 Qd8d6
6.d4 Ng8f6
7.Nb1c3 a6
8.Bb5xc6 bxc6
9.Bc1f4 c5
10.O-O cxd4
11.Qd1xd4 c5
12.Qd4a4 Bf5d7
13.Qa4a5 e6
14.Ne5g6 Qd6c6
15.Ng6xh8 Bf8e7
16.b3 Kf8
17.Nc3a4 Kg8
18.Qa5b6 Ra8c8
19.Qb6xc6 Rc8xc6
20.Nh8g6 hxg6
21.c4 Nf6h5
22.Bf4d2 Nh5f6
23.Ra1d1 Be7d6
24.Na4b2 d4
25.Rf1e1 e5
26.f3 Bd7f5
27.g4 Nf6xg4
28.fxg4 Bf5xg4
29.Kg2 Bg4f5
30.Kg3 e4
31.Bd2f4 Bd6e7
32.h4 Rc6e6
33.Re1e2 a5
34.Rd1e1 Kf8
35.Nb2d3 e3
36.Re1d1 Re6e4
37.Nd3e5 Ke8
38.Re2h2 Be7d6
39.Ne5d3 Kd7
40.Bf4xd6 Kxd6
41.Nd3f4 Re4e5
42.Rd1e1 Bf5e4
43.Nf4g2 Be4d3
44.Re1g1 Re5e8
45.Ng2e1 Bd3f5
46.Kf3 a4
47.Rg1g5 axb3
48.axb3 Re8f8
49.Rh2b2 Bf5h3
50.Kg3 Bh3f5
51.Rb2a2 Rf8b8
52.Ra2a3 Kc6
53.Ne1g2 Rb8e8
54.Ra3a6 Kb7
55.Ra6a1 d3
56.Kf3 e2
57.Ng2e3 Bf5e4
58.Kf2 Be4f5
59.Rg5g3 Re8e4
60.h5 { resign }
1-0

[Event "Eq:Royal chess-Los Tercios : "]
[Site "www.chess-mail.com"]
[Date "2016.08.07"]
[Round "1"]
[White "Ericleo1980"]
[Black "Krystek23"]
[WhiteElo "2200"]
[BlackElo "2230"]
[Result "0-1"]
[Round "1"]
1.e4 c5
2.Ng1f3 e6
3.d4 cxd4
4.Nf3xd4 Nb8c6
5.Nb1c3 Qd8c7
6.Nd4b5 Qc7b8
7.Bc1e3 a6
8.Nb5d4 Qb8c7
9.Qd1d2 Ng8f6
10.Bf1e2 Bf8b4
11.f3 Nc6e5
12.O-O O-O
13.g4 h6
14.g5 hxg5
15.Be3xg5 Nf6e8
16.f4 Ne5c6
17.Nd4b3 a5
18.a3 Bb4xc3
19.Qd2xc3 a4
20.Nb3d2 f6
21.Bg5h4 d5
22.exd5 exd5
23.f5 Ne8d6
24.Be2g4 d4
25.Qc3h3 Nc6e5
26.Ra1c1 Qc7b6
27.Rc1b1 Ne5xg4
28.Qh3xg4 Ra8a5
29.Bh4g3 Bc8xf5
30.Rf1xf5 Ra5xf5
31.Nd2c4 Nd6xc4
32.Qg4xf5 Nc4d2
33.Rb1d1 Qb6xb2
34.Qf5d3 Nd2b1
35.Qd3c4 Kh8
36.Rd1xd4 g5
37.Qc4c5 Qb2xa3
38.Qc5xa3 Nb1xa3
39.Rd4xa4 Na3xc2
40.Ra4c4 Nc2e3
41.Rc4b4 Rf8f7
42.Kf2 Ne3d5
43.Rb4b5 Rf7d7
44.Kf3 f5
45.Bg3e5 Kg8
46.Rb5b2 Kf7
47.h3 Ke6
48.Be5g3 Rd7h7
49.Rb2e2 Kf6
50.Bg3e5 Kf7
51.Kg3 f4
52.Kg4 Kg6
53.Re2h2 Nd5e3
54.Kf3 Kf5
55.Be5d4 Rh7xh3
56.Rh2xh3 g4
57.Kf2 gxh3
58.Kg1 Kg4
59.Kh2 b5
60.Bd4c5 Ne3d5
61.Bc5d4 b4
62.Bd4c5 b3
63.Bc5d4 f3
64.Kg1 b2
65.Bd4xb2 Nd5f4
66.Bb2e5 h2
{ resign }
0-1

[Event "Fast Game"]
[Site "www.echecsemail.com"]
[Date "2016.08.07"]
[Round "1"]
[White "Pwain"]
[Black "Cal"]
[WhiteElo "1599"]
[BlackElo "1660"]
[Result "1-0"]
[Round "1"]
1.e4 e5
2.Ng1f3 d6
3.d4 exd4
4.Nf3xd4 c5
5.Bf1b5 Bc8d7
6.Bb5xd7 Qd8xd7
7.Nd4f5 Ng8f6
8.Qd1e2 h6
9.O-O Nb8c6
10.Nb1c3 Nc6e5
11.Rf1d1 g6
12.Nf5xd6 Bf8xd6
13.f4 Ne5c6
14.e5 Nc6d4
15.Qe2d3 Bd6xe5
16.fxe5 Nf6g4
17.Bc1f4 Qd7e6
18.h3 g5
19.Bf4g3 Ng4xe5
20.Bg3xe5 Rh8g8
21.Be5c7 h5
22.Rd1e1 Qe6xe1
23.Ra1xe1 Nd4e6
24.Qd3d6 Rg8g6
25.Nc3d5 { resign }
1-0

[Event "Tourn. n8900"]
[Site "www.chess-mail.com"]
[Date "2016.08.08"]
[Round "1"]
[White "Seger"]
[Black "Faerieking"]
[WhiteElo "2750"]
[BlackElo "2230"]
[Result "1-0"]
[Round "1"]
1.d4 d5
2.c4 c6
3.Ng1f3 Ng8f6
4.e3 Bc8f5
5.Nb1c3 h6
6.Qd1b3 Qd8b6
7.cxd5 Qb6xb3
8.axb3 Nf6xd5
9.e4 Nd5xc3
10.exf5 Nc3e4
11.Bf1d3 Ne4f6
12.O-O { resign }
1-0

[Event "Tourn. n8846"]
[Site "www.chess-mail.com"]
[Date "2016.08.08"]
[Round "1"]
[White "Hundegana"]
[Black "Frisker"]
[WhiteElo "2090"]
[BlackElo "2149"]
[Result "0-1"]
[Round "1"]
1.f4 d5
2.d4 Ng8f6
3.b4 g6
4.c3 Bf8g7
5.Ng1f3 O-O
6.g3 Bc8d7
7.Nb1d2 a5
8.e3 axb4
9.cxb4 Bd7a4
10.Qd1e2 Nb8d7
11.a3 Nd7b6
12.Bf1g2 Nf6e8
13.O-O Ne8d6
14.Bc1b2 Ba4b5
15.Qe2f2 Bb5xf1
16.Bg2xf1 Nb6a4
17.Bb2c1 c5
18.bxc5 Na4xc5
19.dxc5 Bg7xa1
20.cxd6 Qd8xd6
21.Nd2b3 Ba1g7
22.Nf3d4 Rf8c8
23.f5 Qd6b6
24.fxg6 hxg6
25.Bc1d2 Ra8xa3
26.Nb3c1 e5
27.Nd4f3 Qb6b1
28.Kg2 Rc8xc1
29.Bd2xc1 Qb1xc1
30.Kg1 Qc1xe3
31.Qf2xe3 Ra3xe3
32.Kf2 Re3a3
33.Nf3e1 Kf8
34.Bf1e2 Ke7
35.Ne1c2 Ra3c3
36.Nc2b4 Kd6
37.Nb4a2 Rc3a3
38.Na2c1 Kc5
39.Nc1d3 Kd4
40.Nd3b4 Ra3b3
41.Nb4c2 Kc5
42.Nc2e3 b5
43.h3 d4
44.Ne3f1 e4
45.h4 Rb3b2
46.Ke1 d3
47.Be2d1 Bg7c3
48.Nf1d2 Rb2xd2
{ resign }
0-1

[Event "Tourn. n8866"]
[Site "www.chess-mail.com"]
[Date "2016.08.08"]
[Round "1"]
[White "Viru"]
[Black "Fred"]
[WhiteElo "1920"]
[BlackElo "1990"]
[Result "0-1"]
[Round "1"]
1.e4 e5
2.f4 d5
3.d3 Bf8c5
4.Ng1f3 dxe4
5.dxe4 Qd8xd1
6.Kxd1 Nb8c6
7.fxe5 Bc8g4
8.Bc1f4 O-O-O
9.Nb1d2 h6
10.h3 Bg4xf3
11.gxf3 g5
12.Bf4h2 Bc5e3
13.Bf1d3 f6
14.e6 Ng8e7
15.Ke2 Be3d4
16.c3 Bd4e5
17.Ra1d1 Be5xh2
 { time }
0-1

[Event "Tourn. n8907"]
[Site "www.chess-mail.com"]
[Date "2016.08.08"]
[Round "1"]
[White "Bojan"]
[Black "Malbertan"]
[WhiteElo "1930"]
[BlackElo "2040"]
[Result "0-1"]
[Round "1"]
1.e4 c6
2.d4 d5
3.exd5 cxd5
4.c4 Ng8f6
5.Nb1c3 Nb8c6
6.Bc1e3 e6
7.cxd5 exd5
8.Bf1d3 Bf8d6
9.h3 O-O
10.Ng1f3 Rf8e8
11.Qd1d2 Nf6e4
12.Qd2c2 Nc6b4
13.Qc2d1 Nb4xd3
14.Qd1xd3 Bc8f5
15.Nc3xd5 Ne4g3
16.Qd3b5 Ng3xh1
17.Ke2 Nh1xf2
18.Kxf2 Ra8c8
19.Kg1 Bf5e4
20.Ra1e1 Be4xd5
21.Kh1 Bd5c6
22.Qb5h5 Bc6xf3
23.Qh5xf3 Qd8e7
24.a3 Qe7e4
25.Qf3f2 Qe4c2
26.Re1e2 Qc2d3
27.Re2e1 Re8e6
28.Re1c1 Rc8xc1
29.Be3xc1 Qd3d1
{ resign }
0-1